[Event "Torneo Campeones 25 aniv. V. Benasque"]
[Site "Benasque ESP"]
[Date "2005.07.14"]
[Round "8.3"]
[White "Rivas Pastor, Manuel"]
[Black "Marin, Mihail"]
[Result "1/2-1/2"]
[WhiteElo "2445"]
[BlackElo "2537"]
[PlyCount "30"]
[EventDate "2005.07.08"]
[EventType "tourn"]
[EventRounds "9"]
[EventCountry "ESP"]
[Source "lmi"]
[SourceDate "2005.07.15"]

1. c4 Nf6 2. Nc3 c5 3. Nf3 e6 4. g3 b6 5. Bg2 Bb7 6. O-O a6 7. b3 Be7 8. Bb2
O-O 9. d4 cxd4 10. Qxd4 d6 11. Rfd1 Nbd7 12. Rac1 Qc7 13. e4 Rad8 14. Qe3 Rfe8
15. Nd4 Bf8 1/2-1/2

[Event "Torneo Campeones 25 aniv. V. Benasque"]
[Site "Benasque ESP"]
[Date "2005.07.14"]
[Round "8.4"]
[White "Cifuentes Parada, Roberto"]
[Black "Movsziszian, Karen"]
[Result "1/2-1/2"]
[WhiteElo "2512"]
[BlackElo "2439"]
[PlyCount "24"]
[EventDate "2005.07.08"]
[EventType "tourn"]
[EventRounds "9"]
[EventCountry "ESP"]
[Source "lmi"]
[SourceDate "2005.07.15"]

1. d4 Nf6 2. c4 g6 3. Nc3 Bg7 4. e4 d6 5. Nf3 O-O 6. Be2 e5 7. O-O Na6 8. Be3
Ng4 9. Bg5 Qe8 10. dxe5 dxe5 11. h3 f6 12. Bd2 Nh6 1/2-1/2

[Event "Torneo Campeones 25 aniv. V. Benasque"]
[Site "Benasque ESP"]
[Date "2005.07.15"]
[Round "9.4"]
[White "Korneev, Oleg"]
[Black "Rivas Pastor, Manuel"]
[Result "0-1"]
[WhiteElo "2594"]
[BlackElo "2445"]
[PlyCount "118"]
[EventDate "2005.07.08"]
[EventType "tourn"]
[EventRounds "9"]
[EventCountry "ESP"]
[Source "lmi"]
[SourceDate "2005.07.15"]

1. e4 e6 2. d4 d5 3. Nc3 Bb4 4. e5 Ne7 5. a3 Bxc3+ 6. bxc3 b6 7. Qg4 Ng6 8. h4
h5 9. Qg3 Ba6 10. Bxa6 Nxa6 11. Qd3 Nb8 12. Bg5 Qc8 13. Ne2 Qa6 14. Qf3 c5 15.
O-O Nc6 16. Rfd1 Qc4 17. Rd2 Nge7 18. Rad1 Nf5 19. Ng3 Nxg3 20. fxg3 Rc8 21.
Kh2 Rc7 22. Qe3 Kd7 23. Rf2 Kc8 24. Rdd2 Qa2 25. Rf3 Qxa3 26. Qf2 Rf8 27. c4
Qa2 28. cxd5 Qxd5 29. c3 Kb7 30. Qf1 cxd4 31. cxd4 a5 32. Qb1 Nb4 33. Qh7 g6
34. Qg7 Rfc8 35. Rxf7 Qe4 36. Rdf2 Nd5 37. Rd7 Ka6 38. Qf7 Qxd4 39. Rd2 Qxe5
40. Rxc7 Rxc7 41. Qxg6 Rc3 42. Bh6 Rc4 43. Bg5 Ne3 44. Qd3 Ng4+ 45. Kh3 Qe4 46.
Qf1 a4 47. Rd8 Kb5 48. Be7 Ne3 49. Qf3 Qf5+ 50. Qxf5+ Nxf5 51. Bf8 Rc3 52. Kh2
Rxg3 53. Re8 Re3 54. g4 hxg4 55. h5 Re2+ 56. Kg1 g3 57. h6 Nd4 58. h7 Nf3+ 59.
Kf1 Rf2# 0-1

[Event "Torneo Campeones 25 aniv. V. Benasque"]
[Site "Benasque ESP"]
[Date "2005.07.15"]
[Round "9.5"]
[White "Suba, Mihai"]
[Black "Komljenovic, Davor"]
[Result "1/2-1/2"]
[WhiteElo "2520"]
[BlackElo "2473"]
[PlyCount "106"]
[EventDate "2005.07.08"]
[EventType "tourn"]
[EventRounds "9"]
[EventCountry "ESP"]
[Source "lmi"]
[SourceDate "2005.07.15"]

1. c4 b6 2. d4 Bb7 3. Nc3 e6 4. a3 f5 5. Qc2 Nf6 6. Bg5 Be7 7. e3 O-O 8. Nh3 c5
9. dxc5 bxc5 10. Nf4 Ne4 11. Bxe7 Qxe7 12. Nxe4 Bxe4 13. Bd3 Bxd3 14. Qxd3 Nc6
15. O-O-O Rfd8 16. Qc3 Rab8 17. g4 fxg4 18. Rdg1 Rf8 19. Rxg4 Qf6 20. Qxf6 Rxf6
21. Nd3 Rf5 22. Kc2 d6 23. Kc3 a5 24. b3 Rf3 25. Rhg1 Rb7 26. R1g3 Rf8 27. Rg1
Rfb8 28. Rb1 Kf7 29. Rf4+ Kg8 30. Rh4 h6 31. Rg4 Kh7 32. Re4 e5 33. f4 exf4 34.
exf4 Nd4 35. b4 axb4+ 36. axb4 Ra8 37. Rxd4 cxd4+ 38. Kxd4 Ra2 39. b5 Rxh2 40.
b6 Rd2 41. c5 dxc5+ 42. Kc3 Re2 43. Nxc5 Rb8 44. b7 Re7 45. Kd4 Kg6 46. Kd5 Kf5
47. Kd6 Rf7 48. Kc6 h5 49. Nd7 Rxd7 50. Kxd7 Kxf4 51. Kc7 Rxb7+ 52. Kxb7 g5 53.
Rf1+ Ke3 1/2-1/2